Zodiak bürcləri - Statistics

General Stats
  • This quiz has been taken 14 times
  • The average score is 9 of 12
Answer Stats
Bürc % Correct
Əqrəb
91%
Oxatan
91%
Qoç
91%
Şir
91%
Dolça
82%
Tərəzi
82%
Buğa
73%
Əkizlər
73%
Oğlaq
73%
Qız
73%
Xərçəng
73%
Balıqlar
45%
No matching quizzes found
Score Distribution
Percent of People with Each Score
Percentile by Number Answered
Your Score History
You have not taken this quiz